000 00862 a2200241 4500
999 _c9012
_d9012
020 _a070215914X
050 0 0 _aKTL1885SHA2002
100 1 _aSharrock, Robert.
245 1 0 _aHockly's insolvency law /
_cRobert Sharrock, Kathleen van der Linde, Alastair Smith.
250 _a7th ed.
264 _aLansdowne:
_bJuta and Co,
_c2002
300 _axlv, 396 p. :
_bforms ;
500 _aRev. ed. of: Hockly's insolvency law / Robert Sharrock ... [et al.]. 6th ed. 1996.
500 _aIncludes index.
650 0 _aBankruptcy
650 0 _aComposition (Law)
650 0 _aLiquidation
700 1 _aVan der Linde, Kathleen.
700 1 _aSmith, Alastair,
_d1957-
700 1 _aHockly, Harold Edward,
_d1897-
_tStudent's guide to the insolvency law of South Africa.
942 _2lcc
_cBK
_h1885
_iSHA
_kKTL